000 00742nam a2200253 a 4500
001 BRCA_5720
005 20190320205206.0
008 030311s1926----gw-ao#####---#000-0#ger-#
041 _ager
044 _agw
050 4 _aTR146
_b.F44 2 1926
245 1 0 _aDie Fehler im Negativ und im Entwicklungsdruck
_cP.V. Neugebauer.
260 _aBerlín
_bGuido Hackebeil
_c1926
300 _a64 p.
_bil.
_c17 cm.
440 0 _aPhotofreund
_v7
_914519
500 _aEstado físico: tiene adornos dorados en las puntas de la cubierta
500 _aVer también H39
500 _aH40
650 1 4 _aFotografía
_98320
650 1 4 _aRevelado de fotografía
_zBerlín
_914520
700 1 _aNeugebauer, P. V.
_914521
902 _aGFM
942 _2lcc
_cB
999 _c5410
_d5410